000 00486nam a2200181 i 4500
001 145098
003 ES-MaACL
005 20230906201149.0
007 t|
008 070214s1928 sp r ||||1| spa d
100 1 _aSoto de Gangoiti, Juan.
_9107512
245 1 0 _aTratado de taquigrafía /
_cJuan Soto de Gangoiti.
250 _a6ª. ed.
260 _aMadrid :
_bA. Fontana,
_c1928.
300 _a88 p. ;
_c24 cm.
650 0 4 _aTaquigrafía.
_917284
852 _aES-MaACL
_j1816-F-1
999 _c145098
_d145098